000 00724cam a2200229 a 4500
001 37
003 BR-CuiBMT
005 20231117234354.0
008 230807s2021 mgb 000 0 por d
020 _a9786555181791
040 _aBR-CuiBMT
_cBR-CuiBMT
080 _22007
_a342.9
090 _a342.9
_bD598
245 0 0 _aDireito administrativo :
_btemas atuais e relevantes /
_cJuliana Tôrres de Vasconcelos Bezerra Cavalcanti, coordenadora.
260 _aBelo Horizonte :
_bFórum,
_c2021.
300 _a126 p. ;
_c22 cm
504 _aInclui bibliografia.
650 _aDireito administrativo
_zBrasil
650 _aDireito público
700 1 _aCavalcanti, Juliana Tôrres de Vasconcelos Bezerra
_4coord.
942 _2udc
_cLV
999 _c37
_d37